000
00191 a2200097 4500
020
_a
9781338033366
041
_a
eng
100
_a
Harimann, Sierra
245
_a
Be a good citizen
942
_c
BK
999
_c
31136
_d
31134